000 00362nam a22001337a 4500
040 _cFizza Ishaq
082 _a006.31
_bDIR
100 _aKroese, P. Dirk.
_9111772
245 _aData Science & Machine Learning Mathematical & Statistical Method /
_cDirk P. Kroese.
250 _a1st ed.
260 _bCRC Press,
_c2020.
300 _a510 p. ;
942 _2ddc
_cBK
999 _c594448
_d594448